rulers of china - Statistics

General Stats
  • This quiz has been taken 25 times
  • The average score is 16 of 22
Answer Stats
Hint Answer % Correct
created the huge terracotta army in xi an qin
95%
lasted only 4 years later han
89%
traded a lot with europeans ming
89%
first dynasty to expand west han
84%
fought the opium wars qing
84%
one of the most properous times tang
84%
southern china wu
84%
earliest and uncomfirmed dynasty xia
79%
expanded rice cultivation in the south song
74%
created from the mongol conquest yuan
74%
existed from 1046–256 BC zhou
74%
puppet of later dynasty later jin
68%
fought in the korean war people's republic of china
68%
fought the japanese republic of china
68%
reinstalled rule of ethnic hans sui
68%
ruled northern china wei
68%
ruler murdered previous leader later liang
63%
the bronze age of china shang
63%
ruled eastern china china shu
58%
named after a river in manchuria liao
53%
the first dynasty to out law slavery xin
53%
rival of later liang later tang
32%
No matching quizzes found
Score Distribution
Percent of People with Each Score
Percentile by Number Answered
Your Score History
You have not taken this quiz